Central Library OPAC University of Rajshahi

Microecology / (Record no. 12397)

MARC details
000 -LEADER
fixed length control field 00807nam a2200265 a 4500
001 - CONTROL NUMBER
control field 12397
003 - CONTROL NUMBER IDENTIFIER
rucl marc code BD-RjUL
005 - DATE AND TIME OF LATEST TRANSACTION
control field 20211208235303.0
008 - FIXED-LENGTH DATA ELEMENTS--GENERAL INFORMATION
fixed length control field 14 t1973 enk 000 0 eng d
020 ## - INTERNATIONAL STANDARD BOOK NUMBER
International Standard Book Number 071312427x
035 ## - SYSTEM CONTROL NUMBER
System control number (BD-RjUL)12446
040 ## - CATALOGING SOURCE
Original cataloging agency DLC
Language of cataloging eng
Transcribing agency BD-RjUL
Modifying agency BD-RjUL
041 ## - LANGUAGE CODE
Language code of text/sound track or separate title eng
082 04 - DEWEY DECIMAL CLASSIFICATION NUMBER
Edition number 16
Classification number 577
Author mark and year CLM 1973
100 1# - MAIN ENTRY--PERSONAL NAME
Personal name Cloudsley-Thompson, J. L.
9 (RLIN) 38501
245 10 - TITLE STATEMENT
Title Microecology /
Statement of responsibility, etc. by J.L. Cloudsley-Thompson.
260 ## - PUBLICATION, DISTRIBUTION, ETC. (IMPRINT)
Place of publication, distribution, etc. London :
Name of publisher, distributor, etc. Edward Arnold,
Date of publication, distribution, etc. 1973.
300 ## - PHYSICAL DESCRIPTION
Pagination [2], 49 p., [i] leaf of plates :
Illustrations ill. ;
Size 22 cm.
490 1# - SERIES STATEMENT
Series statement Institute of Biology's studies in biology ;
Volume/sequential designation 6
504 ## - BIBLIOGRAPHY, ETC. NOTE
Bibliography, etc Bibliography: p. [47]-48
650 1# - SUBJECT ADDED ENTRY--TOPICAL TERM
Topical term or geographic name as entry element Ecology.
9 (RLIN) 38502
830 #0 - SERIES ADDED ENTRY--UNIFORM TITLE
Volume number/sequential designation 6
Uniform title Institute of Biology's studies in biology ;
942 ## - ADDED ENTRY ELEMENTS (KOHA)
Source of classification or shelving scheme Dewey Decimal Classification
Koha item type Books
Holdings
Lost status Source of classification or shelving scheme Damaged status Not for loan Collection code Permanent Location Current Location Shelving location Date acquired Source of acquisition Total Checkouts Full call number Date last seen Copy number Koha item type
  Dewey Decimal Classification     Non-fiction Central Library, University of Rajshahi Central Library, University of Rajshahi   02/05/1984 Bviah conal dhaka   577 CLM 1973 28/01/2014 C-2 Books